Anaerobic killing of oral streptococci by reduced, transition metal cations /
में बचाया:
| मुख्य लेखक: | |
|---|---|
| अन्य लेखक: | , |
| स्वरूप: | लेख |
| भाषा: | English |
| विषय: | |
| टैग : |
टैग जोड़ें
कोई टैग नहीं, इस रिकॉर्ड को टैग करने वाले पहले व्यक्ति बनें!
|
| Thư viện lưu trữ: | Thư viện Trường Đại học Đà Lạt |
|---|
| LEADER | 00961nam a2200325 4500 | ||
|---|---|---|---|
| 001 | DLU090091177 | ||
| 005 | ##20091201 | ||
| 040 | # | # | |a DLU |b eng |
| 041 | # | # | |a eng |
| 044 | # | # | |a us |
| 100 | # | # | |a Dunning, J. C. |
| 245 | # | # | |a Anaerobic killing of oral streptococci by reduced, transition metal cations / |c J. C. Dunning, Y. Ma, R. E. Marquis. |
| 653 | # | # | |a Actinomyces |
| 653 | # | # | |a Copper |
| 653 | # | # | |a Enterococcus hirae |
| 653 | # | # | |a Environmental factor |
| 653 | # | # | |a Lactobacillus casei |
| 653 | # | # | |a Streptococcus |
| 700 | # | # | |a Ma, Y. |
| 700 | # | # | |a Marquis, R. E. |
| 773 | # | # | |t Applied and Environmental Microbiology |g Vol. 64, no. 1 (January 1998), p. 27-33 |
| 920 | # | # | |a Phòng Tạp chí -- Trung tâm Thông tin - Thư viện Trường Đại học Đà Lạt |
| 994 | # | # | |a DLU |
| 900 | # | # | |a True |
| 911 | # | # | |a Trương Bảo Trâm Anh |
| 925 | # | # | |a G |
| 926 | # | # | |a A |
| 927 | # | # | |a BB |
| 980 | # | # | |a Thư viện Trường Đại học Đà Lạt |